Plants vs. Zombies - All Songs - Statistics

General Stats
  • This quiz has been taken 21 times
  • The average score is 8 of 17
Answer Stats
Answer % Correct
Grasswalk
64%
Graze the Roof
64%
Loonboon
64%
Watery Graves (Fast)
64%
Watery Graves (Slow)
64%
Brainiac Maniac
57%
Crazy Dave (Intro Theme)
57%
Moongrains
50%
Zen Garden
50%
Ultimate Battle
43%
Choose Your Seeds
36%
Crazy Dave's Greeting
36%
Uraniwa ni Zombies ga!
36%
Zombies On Your Lawn
36%
Zombotany (Unreleased)
36%
Cerebrawl
29%
Rigor Mormist
21%
No matching quizzes found
Score Distribution
Percent of People with Each Score
Percentile by Number Answered
Your Score History
You have not taken this quiz